Discursos minimistas sobre las necesidades básicas y lo umbrales de ciudadanía como reproductores de la pobreza /
El presente trabajo tiene como objetivo analizar, desde un punto de vista analítico y discursivo, algunas teorías y categorías minimistas como las de necesidades básicas, mínimos biológicos y umbrales de ciudadanía, vinculadas con las representaciones sobre las posibilidades de desarrollo de las per...
Сохранить в:
| Главный автор: | |
|---|---|
| Соавтор: | |
| Формат: | Текст |
| Предметы: | |
| Метки: |
Добавить метку
Нет меток, Требуется 1-ая метка записи!
|
MARC
| LEADER | 00000 a a2200000 04500 | ||
|---|---|---|---|
| 001 | 44963 | ||
| 003 | |||
| 040 | |||
| 100 | |a Alvarez Leguizamón, Sonia | ||
| 245 | |a Discursos minimistas sobre las necesidades básicas y lo umbrales de ciudadanía como reproductores de la pobreza / |c Sonia Alvarez Leguizamón ; Universidad Nacional de Salta | ||
| 520 | |a El presente trabajo tiene como objetivo analizar, desde un punto de vista analítico y discursivo, algunas teorías y categorías minimistas como las de necesidades básicas, mínimos biológicos y umbrales de ciudadanía, vinculadas con las representaciones sobre las posibilidades de desarrollo de las personas tanto desde el punto de vista social y material como en su condición de ciudadanos. Estas constituyen una suerte de nuevo "humanitarismo", entendido como una posición ideológica que si bien deplora y lamenta la pobreza, y más aún la indigencia o la miseria, buscando por ello aliviar el sufrimiento que estas provocan, nunca se cuestiona la justicia del sistema de desigualdad en su conjunto. | ||
| 650 | |a POBREZA | ||
| 650 | |a DESIGUALDAD SOCIAL | ||
| 650 | |a NECESIDADES BASICAS | ||
| 650 | |a CUIDADANIA | ||
| 650 | |a POLITICA SOCIAL | ||
| 650 | |a TEORIA | ||
| 650 | |a AMERICA LATINA | ||
| 710 | |a Universidad Nacional de Salta | ||
| 773 | |g páginas 239-273 | ||
| 999 | |c 23991 |d 23991 | ||
